000
00317nam a22001337a 4500
003
SGT
082
_a
342.0954
_b
C72G
100
_a
GHOSE, SHANKAR
245
_a
CONGRESS PRESIDENTIAL SPEECHES
260
_a
INDIA
_b
ALL INDIA CONGRESS COMITTE
_c
1972
300
_a
507
650
_a
INDIAN CONSTITUTION
942
_2
ddc
_c
BK
999
_c
26210
_d
26210